Music Quiz

Random Music or Clickable Quiz

Adjectives in #1 Songs Quiz Stats

 Plays Quiz Updated Apr 4, 2018

Challenge
Share
Tweet
Embed
Score 0/50 Timer 07:00
11 Plays Today
% Correct
Bad
90.9%
Last
90.9%
Rising
89.6%
Good
89.4%
Funky
89%
Troubled
88.7%
Deep
88.5%
Hard
88.3%
Single
87.6%
Blurred
86.1%
Red
85.9%
Yellow
84.5%
Black
83.8%
New
83.3%
Pretty
83%
Vain
82.8%
High
82.5%
True
82.2%
Sexy
80.6%
Crazy
79.8%
Careless
79.1%
Beautiful
79.1%
Hot
77.7%
Eternal
77.5%
Green
76.8%
% Correct
Lonesome
75%
Toy
72.3%
Broken
71.4%
Lonely
71.3%
Fine
69.3%
Dirty
68.7%
Rainy
68%
Lovely
64.7%
Independent
64%
Golden
63.5%
Little
63.5%
Invisible
61.5%
Groovy
61.3%
Silly
60.7%
Poor
55.4%
Private
55.2%
Higher
55%
Bleeding
54.2%
Rude
52.7%
Sorry
49.4%
Stupid
45.5%
Sweet
33.6%
Mellow
32%
Blue
23.5%
Happy
21.4%

You're not logged in!

Compare scores with friends on all Sporcle quizzes.
Join for Free
OR
Log In

You Might Also Like...

Show Comments

Extras

Top Quizzes Today


Score Distribution

Your Account Isn't Verified!

In order to create a playlist on Sporcle, you need to verify the email address you used during registration. Go to your Sporcle Settings to finish the process.

Report this User

Report this user for behavior that violates our Community Guidelines.

Details: